La racionalización de la democracia: Un estudio de las nuevas tendencias constitucionales
Salvato in:
| Autore principale: | |
|---|---|
| Natura: | Libro |
| Lingua: | spagnolo |
| Pubblicazione: |
Santiago
Imprenta Universitaria
1934
|
| Edizione: | 1a. ed |
| Soggetti: | |
| Tags: |
Aggiungi Tag
Nessun Tag, puoi essere il primo ad aggiungerne!!
|
MARC
| LEADER | 00000nam a2200000 a 4500 | ||
|---|---|---|---|
| 001 | UCJ5829 | ||
| 003 | CL-VaPUC | ||
| 008 | 070124e19340000CL |||||||||||||||||spa|d | ||
| 082 | 0 | 4 | |a 321 |b IZQ |2 21 |
| 100 | |a Izquierdo Araya, Guillermo |e author |9 544392 | ||
| 245 | 1 | 3 | |a La racionalización de la democracia: Un estudio de las nuevas tendencias constitucionales |
| 250 | |a 1a. ed | ||
| 300 | |a 514 p | ||
| 942 | |c BK | ||
| 945 | |d 20070124 00:00:00 |a rinostro | ||
| 260 | |a Santiago |b Imprenta Universitaria |c 1934 | ||
| 650 | 0 | |a Democracia |9 255256 | |
| 650 | 0 | |a Política |9 255312 | |
| 650 | 0 | |a Sindicatos |9 255034 | |
| 650 | 7 | |a LIBERTADES POLITICAS |2 CL-VaPUC |9 508370 | |
| 650 | 0 | |a Parlamentarismo |9 315379 | |
| 650 | 0 | |a Derecho constitucional |9 222588 | |
| 650 | 0 | |a Federalismo |9 313886 | |
| 650 | 7 | |a SUFRAGIO |2 CL-VaPUC |9 313463 | |
| 650 | 0 | |a Comunismo |9 255588 | |
| 650 | 0 | |a Fascismo |9 255687 | |
| 650 | 0 | |a Derecho comparado |9 255664 | |
| 583 | |a last modification |c 20070124 00:00:00 |k Rodrigo Vera | ||
| 999 | |c 321937 |d 321935 | ||
| 952 | |0 0 |1 0 |4 0 |6 321_000000000000000_IZQ_1934 |7 0 |8 X |9 400827 |a FDOBUD |b FDOBUD |d 2019-11-22 |i 104012K |o 321 IZQ 1934 |p 104012K |r 2019-11-22 |w 2019-11-22 |y BK_X |k BUD | ||